[Event "Narciso Yepes Memorial"]
[Site "Lorca"]
[Date "2004.??.??"]
[Round "7"]
[White "Cuenca Jimenez, Jose Fernando"]
[Black "Trepat Herranz, Joan"]
[Result "1-0"]
[WhiteElo "2353"]
[BlackElo "2087"]
[PlyCount "93"]
[EventDate "2004.06.26"]
[EventType "swiss"]
[EventRounds "9"]
[EventCountry "ESP"]
[SourceTitle "EXT 2005"]
[Source "ChessBase"]
[SourceDate "2004.11.15"]
[SourceVersion "1"]
[SourceVersionDate "2004.11.15"]
[SourceQuality "1"]

1. e4 c5 2. Nf3 Nc6 3. d4 cxd4 4. Nxd4 Nf6 5. Nc3 e5 6. Ndb5 d6 7. Bg5 a6 8.
Na3 b5 9. Bxf6 gxf6 10. Nd5 Bg7 11. g3 f5 12. Bg2 O-O 13. exf5 Bxf5 14. Ne3 Ne7
15. Nxf5 Nxf5 16. Be4 Nd4 17. c3 b4 18. cxd4 bxa3 19. Bxa8 Qxa8 20. O-O axb2
21. Rb1 Rb8 22. Qe2 Qb7 23. Rfd1 exd4 24. Rd3 Qc6 25. Qd2 Qc3 26. Rxc3 dxc3 27.
Qc2 Rb5 28. Kf1 Rd5 29. Rd1 Rb5 30. Ke2 Re5+ 31. Kf1 Rb5 32. f4 d5 33. Ke2 d4
34. Kd3 a5 35. a4 Rb8 36. Re1 Kf8 37. g4 h6 38. h4 Bf6 39. g5 hxg5 40. hxg5 Bg7
41. f5 Be5 42. Qe2 b1=Q+ 43. Rxb1 Rxb1 44. Qxe5 Rd1+ 45. Kc2 Rd2+ 46. Kc1 d3
47. Qxc3 1-0

[Event "Narciso Yepes Memorial"]
[Site "Lorca"]
[Date "2004.??.??"]
[Round "8"]
[White "Salgado Lopez, Ivan"]
[Black "Cuenca Jimenez, Jose Fernando"]
[Result "1/2-1/2"]
[WhiteElo "2197"]
[BlackElo "2353"]
[PlyCount "80"]
[EventDate "2004.06.26"]
[EventType "swiss"]
[EventRounds "9"]
[EventCountry "ESP"]
[SourceTitle "EXT 2005"]
[Source "ChessBase"]
[SourceDate "2004.11.15"]
[SourceVersion "1"]
[SourceVersionDate "2004.11.15"]
[SourceQuality "1"]

1. e4 c5 2. Nf3 g6 3. d4 cxd4 4. Nxd4 Nc6 5. Nc3 Bg7 6. Be3 Nf6 7. Bc4 O-O 8.
Bb3 d6 9. f3 Bd7 10. Qd2 Na5 11. O-O-O Rb8 12. Nd5 Nxd5 13. exd5 b5 14. Bg5
Nxb3+ 15. Nxb3 Re8 16. h4 b4 17. h5 a5 18. hxg6 fxg6 19. Qf4 Qc8 20. Rxh7 Kxh7
21. Qf7 Rf8 22. Rh1+ Bh3 23. Qxe7 Kg8 24. Rxh3 Re8 25. Qxd6 Re1+ 26. Kd2 Bc3+
27. Kd3 Qf5+ 28. Kc4 Rc8+ 29. Kb5 Re5 30. Ka4 Rxd5 31. Qe7 Rd7 32. g4 Qd5 33.
Qe4 Qf7 34. bxc3 bxc3 35. Nc5 Qxa2+ 36. Kb5 Qf7 37. Nxd7 Qxd7+ 38. Kxa5 Qa7+
39. Kb4 Qb6+ 40. Ka4 Qa6+ 1/2-1/2

[Event "Narciso Yepes Memorial"]
[Site "Lorca"]
[Date "2004.??.??"]
[Round "9"]
[White "Cuenca Jimenez, Jose Fernando"]
[Black "Rizouk, Aimen"]
[Result "0-1"]
[WhiteElo "2353"]
[BlackElo "2493"]
[PlyCount "102"]
[EventDate "2004.06.26"]
[EventType "swiss"]
[EventRounds "9"]
[EventCountry "ESP"]
[SourceTitle "EXT 2005"]
[Source "ChessBase"]
[SourceDate "2004.11.15"]
[SourceVersion "1"]
[SourceVersionDate "2004.11.15"]
[SourceQuality "1"]

1. c4 e5 2. g3 Nc6 3. Bg2 g6 4. Nc3 Bg7 5. d3 d6 6. Rb1 f5 7. e3 Nf6 8. Nge2
O-O 9. O-O Kh8 10. b4 a6 11. f4 Rb8 12. a4 Be6 13. c5 a5 14. bxa5 Nxa5 15. Nb5
Rf7 16. cxd6 cxd6 17. Ba3 Rd7 18. Qd2 b6 19. Nec3 Rc8 20. Bb4 Bg8 21. Qb2 Ng4
22. Rfe1 exf4 23. gxf4 d5 24. h3 Nxe3 25. Rxe3 d4 26. Ree1 dxc3 27. Bxc3 Rxc3
28. Nxc3 Rxd3 29. Rbd1 Qd4+ 30. Kh1 Qxc3 31. Qxc3 Bxc3 32. Rxd3 Bxe1 33. Bd5
Bxd5+ 34. Rxd5 Kg7 35. Rd7+ Kh6 36. Kg2 Nc4 37. Rd3 Ba5 38. Rb3 g5 39. fxg5+
Kxg5 40. Rb5 Kf4 41. Rb1 Ke4 42. Kf2 f4 43. Rg1 Bc3 44. Rg8 Bd4+ 45. Ke1 Kf3
46. Rc8 Bf2+ 47. Kd1 Nb2+ 48. Kd2 Nxa4 49. Rh8 Kg2 50. Rxh7 f3 51. Ra7 Nc5 0-1

[Event "ESP-ch U16"]
[Site "Mondariz"]
[Date "2004.07.12"]
[Round "3"]
[White "Cuenca Jimenez, Jose Fernando"]
[Black "Pallardo Lozoya, Jose Vicente"]
[Result "0-1"]
[WhiteElo "2378"]
[BlackElo "2188"]
[PlyCount "118"]
[EventDate "2004.07.11"]
[EventType "swiss"]
[EventRounds "9"]
[EventCountry "ESP"]
[SourceTitle "EXT 2005"]
[Source "ChessBase"]
[SourceDate "2004.11.15"]
[SourceVersion "1"]
[SourceVersionDate "2004.11.15"]
[SourceQuality "1"]

1. c4 c5 2. g3 g6 3. Bg2 Bg7 4. Nc3 Nc6 5. d3 a6 6. e3 Rb8 7. a4 e6 8. Nge2
Nge7 9. d4 b6 10. O-O O-O 11. d5 Nb4 12. e4 d6 13. f3 exd5 14. exd5 Bf5 15. Bf4
Bd3 16. Ne4 Nc8 17. Bh3 Bxc4 18. Bxc8 Rxc8 19. Nxd6 Bxe2 20. Qxe2 Rc7 21. Ne4
Rd7 22. d6 h6 23. h4 f5 24. Nc3 g5 25. hxg5 hxg5 26. Qe6+ Kh7 27. Be5 Bxe5 28.
Qxe5 Rxd6 29. Rf2 Qf6 30. Rh2+ Kg7 31. Qe2 Re6 32. Qd2 Rd8 33. Qg2 Qd4+ 34. Kh1
Rde8 35. Rh5 Re1+ 36. Rxe1 Rxe1+ 37. Kh2 Kg6 38. Ne2 Rxe2 39. Qxe2 Kxh5 40. f4+
g4 41. Qe8+ Kh6 42. Qe6+ Kg7 43. Qe7+ Kg8 44. Qe8+ Kh7 45. Qf7+ Qg7 46. Qxf5+
Qg6 47. Qd7+ Kh6 48. f5 Qf6 49. Qd2+ Kg7 50. Qd7+ Qf7 51. f6+ Kxf6 52. Qd6+ Qe6
53. Qf4+ Kg6 54. Qd2 Nd5 55. Qd3+ Qf5 56. Qxa6 Qf2+ 57. Kh1 Qxg3 58. Qb7 Qf3+
59. Kg1 g3 0-1

[Event "ESP-ch U18"]
[Site "Mondariz"]
[Date "2004.07.18"]
[Round "1"]
[White "Cuenca Jimenez, Jose Fernando"]
[Black "Cardona Cervera, Joaquin"]
[Result "1-0"]
[WhiteElo "2378"]
[BlackElo "2076"]
[PlyCount "133"]
[EventDate "2004.07.18"]
[EventType "swiss"]
[EventRounds "9"]
[EventCountry "ESP"]
[SourceTitle "EXT 2005"]
[Source "ChessBase"]
[SourceDate "2004.11.15"]
[SourceVersion "1"]
[SourceVersionDate "2004.11.15"]
[SourceQuality "1"]

1. c4 e6 2. Nf3 Nf6 3. g3 d5 4. b3 g6 5. Bg2 Bg7 6. Bb2 O-O 7. O-O c5 8. e3 Nc6
9. Qe2 b6 10. Rd1 Bb7 11. d3 Qe7 12. Nc3 Rad8 13. Rac1 Ne8 14. cxd5 exd5 15. d4
Nc7 16. dxc5 bxc5 17. Na4 Ba6 18. Qd2 Bxb2 19. Qxb2 c4 20. Bf1 Qb4 21. Nc3 Rd7
22. Nd4 Nxd4 23. Rxd4 Rfd8 24. Rcd1 Bb7 25. Bh3 Ne6 26. Bxe6 fxe6 27. f4 Bc6
28. Ne2 a5 29. Nc1 Qb6 30. Qc3 Bb5 31. b4 axb4 32. Qxb4 Rb8 33. Ne2 Bc6 34.
Qxb6 Rxb6 35. Nc3 Rb2 36. R4d2 Rxd2 37. Rxd2 Kf7 38. Kf2 e5 39. fxe5 Ke6 40.
Rb2 Rb7 41. Rxb7 Bxb7 42. Ke1 Kxe5 43. Nb5 Bc6 44. Nd4 Bd7 45. Kd2 Ke4 46. Ne2
g5 47. Nc3+ Ke5 48. a4 Bc6 49. a5 Kf5 50. h3 h5 51. a6 h4 52. Ne2 Ke4 53. gxh4
gxh4 54. a7 Bb7 55. Nd4 c3+ 56. Kxc3 Kxe3 57. Nf5+ Kf4 58. Nxh4 Kg3 59. Nf5+
Kxh3 60. Kd4 Kg4 61. Ke5 Kf3 62. Kd6 d4 63. Nxd4+ Ke4 64. Nb5 Kd3 65. Kc7 Bh1
66. Nd6 Ba8 67. Nb5 1-0

[Event "ESP-ch U18"]
[Site "Mondariz"]
[Date "2004.07.19"]
[Round "3"]
[White "Cuenca Jimenez, Jose Fernando"]
[Black "Alvarez Fernandez, Enrique"]
[Result "1/2-1/2"]
[WhiteElo "2378"]
[BlackElo "2197"]
[PlyCount "127"]
[EventDate "2004.07.18"]
[EventType "swiss"]
[EventRounds "9"]
[EventCountry "ESP"]
[SourceTitle "EXT 2005"]
[Source "ChessBase"]
[SourceDate "2004.11.15"]
[SourceVersion "1"]
[SourceVersionDate "2004.11.15"]
[SourceQuality "1"]

1. c4 e5 2. g3 Nc6 3. Bg2 f5 4. Nc3 Bb4 5. Nd5 Bc5 6. d3 Nge7 7. Nf3 O-O 8. O-O
d6 9. a3 a5 10. Rb1 Nxd5 11. cxd5 Ne7 12. d4 exd4 13. Nxd4 Ng6 14. e3 Bxd4 15.
Qxd4 Ne5 16. b3 Qe7 17. Bd2 Bd7 18. a4 c5 19. dxc6 Bxc6 20. f3 Nd7 21. Rf2 Qe5
22. Bc3 Qxd4 23. Bxd4 Nc5 24. Rd2 Ne6 25. Bb6 d5 26. f4 Ra6 27. Bd4 Nxd4 28.
Rxd4 Rd8 29. Rbd1 Rb6 30. R1d3 g6 31. Kf2 Kf7 32. Rc3 Ke6 33. Bf1 Kd6 34. Kf3
Re8 35. Bd3 Rb4 36. Kf2 Rb6 37. Ke2 Re7 38. Kd2 Re8 39. Bc2 Re7 40. Rcd3 Kc5
41. Bd1 Rb4 42. Rc3+ Kd6 43. Rxb4 axb4 44. Rc1 Re8 45. Be2 Re7 46. h3 Rc7 47.
g4 Bd7 48. Rxc7 Kxc7 49. Kd3 Kd6 50. Kd4 b6 51. Bf3 Be6 52. Bd1 Bd7 53. Be2 Be6
54. Bf3 Bf7 55. gxf5 gxf5 56. Be2 Be6 57. Bh5 Bg8 58. Be8 Be6 59. h4 Bg8 60. h5
h6 61. Bg6 Be6 62. Be8 Bg8 63. Bg6 Be6 64. Be8 1/2-1/2

[Event "ESP-ch U18"]
[Site "Mondariz"]
[Date "2004.07.20"]
[Round "4"]
[White "Prieto Aranguren, Alain"]
[Black "Cuenca Jimenez, Jose Fernando"]
[Result "0-1"]
[WhiteElo "2151"]
[BlackElo "2378"]
[PlyCount "54"]
[EventDate "2004.07.18"]
[EventType "swiss"]
[EventRounds "9"]
[EventCountry "ESP"]
[SourceTitle "EXT 2005"]
[Source "ChessBase"]
[SourceDate "2004.11.15"]
[SourceVersion "1"]
[SourceVersionDate "2004.11.15"]
[SourceQuality "1"]

1. e4 c5 2. Nc3 Nc6 3. g3 g6 4. Bg2 Bg7 5. d3 d6 6. Be3 e6 7. Qd2 Rb8 8. Nh3 b5
9. O-O b4 10. Nd1 Qa5 11. c3 bxc3 12. bxc3 Ne5 13. f4 Ng4 14. f5 N8f6 15. fxe6
fxe6 16. Bf4 e5 17. Bg5 h6 18. Be3 O-O 19. Nhf2 Nxe3 20. Nxe3 h5 21. Nc4 Qa6
22. Bh3 Bxh3 23. Nxh3 Nxe4 24. dxe4 Qxc4 25. Qxd6 Qxe4 26. Rxf8+ Rxf8 27. Qxc5
Bh6 0-1

[Event "ESP-ch U18"]
[Site "Mondariz"]
[Date "2004.07.21"]
[Round "5"]
[White "Cuenca Jimenez, Jose Fernando"]
[Black "Llorente Zaro, Alfonso"]
[Result "1/2-1/2"]
[WhiteElo "2378"]
[BlackElo "2277"]
[PlyCount "69"]
[EventDate "2004.07.18"]
[EventType "swiss"]
[EventRounds "9"]
[EventCountry "ESP"]
[SourceTitle "EXT 2005"]
[Source "ChessBase"]
[SourceDate "2004.11.15"]
[SourceVersion "1"]
[SourceVersionDate "2004.11.15"]
[SourceQuality "1"]

1. c4 e5 2. g3 Nc6 3. Bg2 Nf6 4. Nc3 Bc5 5. d3 h6 6. e3 O-O 7. Nge2 d6 8. O-O
Bf5 9. h3 Bb6 10. g4 Be6 11. Na4 e4 12. b3 exd3 13. Qxd3 Nd7 14. Bb2 Nc5 15.
Nxc5 Bxc5 16. Qc3 Qg5 17. f4 Qf6 18. Nd4 Bd7 19. Kh1 Rae8 20. a3 a5 21. Qd2 Qh4
22. Qc3 f6 23. f5 h5 24. gxh5 Qxh5 25. Rf4 g5 26. Rg4 Bxd4 27. exd4 Bxf5 28.
Rg3 Qh4 29. Rg1 Kh8 30. Kh2 Re7 31. b4 axb4 32. axb4 Kh7 33. b5 Nd8 34. Rf1 Bg6
35. Bc1 1/2-1/2

[Event "ESP-ch U18"]
[Site "Mondariz"]
[Date "2004.07.22"]
[Round "6"]
[White "Lopez del Alamo, Antonio"]
[Black "Cuenca Jimenez, Jose Fernando"]
[Result "1-0"]
[WhiteElo "2268"]
[BlackElo "2378"]
[PlyCount "77"]
[EventDate "2004.07.18"]
[EventType "swiss"]
[EventRounds "9"]
[EventCountry "ESP"]
[SourceTitle "EXT 2005"]
[Source "ChessBase"]
[SourceDate "2004.11.15"]
[SourceVersion "1"]
[SourceVersionDate "2004.11.15"]
[SourceQuality "1"]

1. e4 c5 2. Nf3 g6 3. d4 cxd4 4. Nxd4 Bg7 5. Nc3 Nc6 6. Be3 Nf6 7. Bc4 O-O 8.
Bb3 d6 9. f3 Bd7 10. Qd2 Na5 11. O-O-O Rb8 12. Bh6 b5 13. Bxg7 Kxg7 14. g4 b4
15. Nd5 e5 16. Nf5+ Bxf5 17. gxf5 Nxb3+ 18. axb3 Nxd5 19. Qxd5 Rb6 20. h4 Qf6
21. Rdg1 Kh8 22. fxg6 fxg6 23. h5 gxh5 24. Rxh5 Ra6 25. Kb1 Qf7 26. Rf5 Rg8 27.
Qd1 Rxg1 28. Qxg1 Qe7 29. Rg5 Qf7 30. Rf5 Qe7 31. Rg5 Qf7 32. f4 h6 33. Rg6 Kh7
34. f5 Rb6 35. Qg3 Rc6 36. Qe3 Qf8 37. Qxa7+ Kh8 38. f6 d5 39. Qg7+ 1-0

[Event "ESP-ch U18"]
[Site "Mondariz"]
[Date "2004.07.23"]
[Round "7"]
[White "Cuenca Jimenez, Jose Fernando"]
[Black "Blanco Gutierrez, Pedro"]
[Result "1-0"]
[WhiteElo "2378"]
[BlackElo "2072"]
[PlyCount "81"]
[EventDate "2004.07.18"]
[EventType "swiss"]
[EventRounds "9"]
[EventCountry "ESP"]
[SourceTitle "EXT 2005"]
[Source "ChessBase"]
[SourceDate "2004.11.15"]
[SourceVersion "1"]
[SourceVersionDate "2004.11.15"]
[SourceQuality "1"]

1. e4 c5 2. Nf3 g6 3. d4 cxd4 4. Nxd4 Bg7 5. Nc3 Nc6 6. Be3 Nf6 7. Bc4 Qa5 8.
O-O O-O 9. Bb3 d6 10. h3 Bd7 11. Re1 Rfe8 12. Qd3 Rac8 13. Nxc6 Bxc6 14. Rad1
b5 15. f3 Nd7 16. Bf2 b4 17. Ne2 Bxb2 18. Bxf7+ Kg7 19. Bxe8 Rxe8 20. Nd4 Ne5
21. Nxc6 Nxc6 22. Qd5 Qc7 23. Re2 Rf8 24. Qb3 Bc3 25. Qc4 Qd7 26. Be1 Bxe1 27.
Rexe1 a5 28. c3 Rc8 29. Rc1 Ne5 30. Qd4 Rc4 31. Qe3 Qe6 32. cxb4 Rxb4 33. a3
Rb7 34. Qc3 Rb3 35. Qa1 Kf7 36. Rc3 Rb7 37. Rb1 Ra7 38. Qb2 Qf6 39. Qb8 Rd7 40.
f4 Ng4 41. Qb3+ 1-0

[Event "ESP-ch U18"]
[Site "Mondariz"]
[Date "2004.07.24"]
[Round "8"]
[White "Chalmeta Ugas, Ramon"]
[Black "Cuenca Jimenez, Jose Fernando"]
[Result "0-1"]
[WhiteElo "2144"]
[BlackElo "2378"]
[PlyCount "82"]
[EventDate "2004.07.18"]
[EventType "swiss"]
[EventRounds "9"]
[EventCountry "ESP"]
[SourceTitle "EXT 2005"]
[Source "ChessBase"]
[SourceDate "2004.11.15"]
[SourceVersion "1"]
[SourceVersionDate "2004.11.15"]
[SourceQuality "1"]

1. e4 c5 2. Nf3 g6 3. d4 cxd4 4. Nxd4 Bg7 5. Nc3 Nc6 6. Be3 Nf6 7. Bc4 O-O 8.
Bb3 d6 9. f3 Bd7 10. Qd2 Na5 11. O-O-O Rb8 12. Bh6 Bxh6 13. Qxh6 b5 14. h4 e5
15. Nde2 b4 16. Nd5 Nxb3+ 17. axb3 Nxd5 18. Rxd5 Rb6 19. h5 g5 20. f4 gxf4 21.
Nxf4 Ra6 22. Kd2 Qe7 23. Ne2 Kh8 24. Rd3 Bb5 25. Rg3 f6 26. Rf1 d5 27. exd5 Rd8
28. Qe3 Rad6 29. h6 Rxd5+ 30. Ke1 Qd6 31. Qxa7 Rd1+ 32. Kf2 Rxf1+ 33. Kxf1 Qd1+
34. Kf2 Qxe2+ 35. Kg1 Qd1+ 36. Kh2 Qh5+ 37. Rh3 Qg5 38. Qb6 Qf4+ 39. Rg3 Qxh6+
40. Rh3 Qf4+ 41. Rg3 Rg8 0-1

[Event "ESP-ch op"]
[Site "Seville"]
[Date "2004.08.13"]
[Round "1"]
[White "Cuenca Jimenez, Jose Fernando"]
[Black "Romero Lopez, Marta"]
[Result "1-0"]
[WhiteElo "2378"]
[BlackElo "2016"]
[PlyCount "65"]
[EventDate "2004.08.13"]
[EventType "swiss"]
[EventRounds "9"]
[EventCountry "ESP"]
[SourceTitle "CBM 101 Extra"]
[Source "ChessBase"]
[SourceDate "2004.09.01"]
[SourceVersion "2"]
[SourceVersionDate "2004.09.01"]
[SourceQuality "1"]

1. c4 e6 2. Nf3 d5 3. d4 c6 4. Qc2 Nf6 5. g3 Nbd7 6. Bg2 h6 7. O-O Bd6 8. Nbd2
O-O 9. e4 dxe4 10. Nxe4 Nxe4 11. Qxe4 Re8 12. Rd1 Qe7 13. Ne5 Nxe5 14. dxe5 Bc7
15. Be3 f6 16. Bd4 fxe5 17. Bxe5 Bxe5 18. Qxe5 Qf6 19. f4 Rf8 20. Rd6 Qxe5 21.
fxe5 Rf5 22. Re1 Kf7 23. Rd8 Ke7 24. Rg8 Rg5 25. Rd1 Rxe5 26. Bf1 Ra5 27. a3
Ra6 28. Rdd8 Rb6 29. b4 Ra6 30. Rxc8 Rxc8 31. Rxc8 b5 32. cxb5 cxb5 33. Rc3 1-0

[Event "ESP-ch op"]
[Site "Seville"]
[Date "2004.08.14"]
[Round "2"]
[White "Campora Perez, Daniel"]
[Black "Cuenca Jimenez, Jose Fernando"]
[Result "0-1"]
[WhiteElo "2132"]
[BlackElo "2378"]
[PlyCount "110"]
[EventDate "2004.08.13"]
[EventType "swiss"]
[EventRounds "9"]
[EventCountry "ESP"]
[SourceTitle "CBM 101 Extra"]
[Source "ChessBase"]
[SourceDate "2004.09.01"]
[SourceVersion "2"]
[SourceVersionDate "2004.09.01"]
[SourceQuality "1"]

1. e4 e6 2. d4 d5 3. exd5 exd5 4. Nf3 Bg4 5. Bf4 Bd6 6. Bg3 Ne7 7. Bd3 Nbc6 8.
c3 Qd7 9. O-O f6 10. Nbd2 g5 11. Re1 O-O-O 12. b4 Bf5 13. Bf1 Ng6 14. b5 Nce7
15. Qa4 Kb8 16. Nb3 h5 17. c4 dxc4 18. Bxd6 Qxd6 19. Qxc4 Nd5 20. a4 h4 21.
Nfd2 Qf4 22. a5 g4 23. a6 g3 24. Nf3 b6 25. Qc6 Bc8 26. Qc2 Nge7 27. Re4 Bf5
28. Rae1 Bxe4 29. Rxe4 Qd6 30. Rxh4 Rxh4 31. Nxh4 gxf2+ 32. Qxf2 Qf4 33. Qxf4
Nxf4 34. Nf3 Nf5 35. Kf2 Ne6 36. d5 Rxd5 37. Bc4 Rd6 38. Nbd2 Ng5 39. g4 Nh4
40. Nxh4 Rxd2+ 41. Ke3 Rxh2 42. Nf5 Rh3+ 43. Kd4 Nf3+ 44. Kd5 Ne5 45. Be2 Rh2
46. Nd4 Kc8 47. Ke6 Rg2 48. Kxf6 Nxg4+ 49. Ke6 Ne3 50. Bf3 Rg6+ 51. Ke7 Nc4 52.
Bb7+ Kb8 53. Nc6+ Rxc6 54. Bxc6 Na5 55. Be4 c6 0-1

[Event "ESP-ch op"]
[Site "Seville"]
[Date "2004.08.15"]
[Round "3"]
[White "Cuenca Jimenez, Jose Fernando"]
[Black "Gonzalez Perez, Lutgarda"]
[Result "1/2-1/2"]
[WhiteElo "2378"]
[BlackElo "2199"]
[PlyCount "100"]
[EventDate "2004.08.13"]
[EventType "swiss"]
[EventRounds "9"]
[EventCountry "ESP"]
[SourceTitle "CBM 101 Extra"]
[Source "ChessBase"]
[SourceDate "2004.09.01"]
[SourceVersion "2"]
[SourceVersionDate "2004.09.01"]
[SourceQuality "1"]

1. e4 c6 2. c4 d5 3. exd5 cxd5 4. cxd5 Qxd5 5. Nc3 Qd8 6. d4 Nf6 7. Nf3 e6 8.
Bc4 Be7 9. O-O O-O 10. Re1 Nc6 11. a3 b6 12. Bg5 Bb7 13. Qd3 h6 14. Bd2 Rc8 15.
Rad1 Qc7 16. Ba2 Rfd8 17. Bb1 Ba8 18. Ne4 Kf8 19. Nxf6 Bxf6 20. Qh7 a5 21. d5
Rxd5 22. Bf4 Qxf4 23. Qh8+ Ke7 24. Qxc8 Qb8 25. Qxb8 Nxb8 26. Rxd5 Bxd5 27. Ne5
Nd7 28. Nxd7 Kxd7 29. Re2 Kc6 30. Bd3 Bb3 31. Kf1 Bd4 32. Ke1 e5 33. f3 a4 34.
Bc2 Bc4 35. Rd2 b5 36. Be4+ Kc5 37. Rc2 Kd6 38. Kd2 Bb3 39. Rc6+ Kd7 40. Ra6
Bxb2 41. Bc6+ Kc7 42. Bxb5 Kb7 43. Bxa4 Kxa6 44. Bxb3 Bxa3 45. Ke3 Kb6 46. Ke4
Bd6 47. Bxf7 Kc7 48. h3 Kd7 49. Kf5 Ke7 50. Kg6 Kf8 1/2-1/2

[Event "ESP-ch op"]
[Site "Seville"]
[Date "2004.08.16"]
[Round "4"]
[White "Perera, PRP."]
[Black "Cuenca Jimenez, Jose Fernando"]
[Result "0-1"]
[WhiteElo "2224"]
[BlackElo "2378"]
[PlyCount "84"]
[EventDate "2004.08.13"]
[EventType "swiss"]
[EventRounds "9"]
[EventCountry "ESP"]
[SourceTitle "CBM 101 Extra"]
[Source "ChessBase"]
[SourceDate "2004.09.01"]
[SourceVersion "2"]
[SourceVersionDate "2004.09.01"]
[SourceQuality "1"]

1. Nf3 g6 2. c4 c5 3. e4 Nc6 4. d4 cxd4 5. Nxd4 Bg7 6. Be3 Nf6 7. Nc3 O-O 8.
Be2 d6 9. O-O Bd7 10. Qd2 Nxd4 11. Bxd4 Bc6 12. f3 a5 13. b3 Nd7 14. Be3 Nc5
15. Rab1 Be5 16. Rfc1 e6 17. Bf1 Qe7 18. Rc2 f5 19. exf5 gxf5 20. Re1 b6 21.
Ne2 Qh4 22. Bf4 Rad8 23. Rcc1 Rd7 24. Bg3 Qf6 25. Rcd1 f4 26. Bf2 Qg6 27. Kh1
Rg7 28. Nc3 Qh5 29. Bxc5 bxc5 30. Ne4 Rg6 31. Qxa5 Ra8 32. Qd2 Bd4 33. h3 Qh4
34. Bd3 Kh8 35. Bf1 Rag8 36. b4 Rh6 37. b5 Bxe4 38. Rxe4 Qg3 39. Rxd4 cxd4 40.
Kg1 Qxf3 41. Qxd4+ e5 42. Qd5 Qe3+ 0-1

[Event "ESP-ch op"]
[Site "Seville"]
[Date "2004.08.17"]
[Round "5"]
[White "Saldano Dayer, Horacio"]
[Black "Cuenca Jimenez, Jose Fernando"]
[Result "1-0"]
[WhiteElo "2474"]
[BlackElo "2378"]
[PlyCount "51"]
[EventDate "2004.08.13"]
[EventType "swiss"]
[EventRounds "9"]
[EventCountry "ESP"]
[SourceTitle "CBM 101 Extra"]
[Source "ChessBase"]
[SourceDate "2004.09.01"]
[SourceVersion "2"]
[SourceVersionDate "2004.09.01"]
[SourceQuality "1"]

1. e4 c5 2. Nf3 g6 3. d4 cxd4 4. Nxd4 Bg7 5. Nc3 Nc6 6. Be3 Nf6 7. Bc4 O-O 8.
Bb3 d6 9. f3 Bd7 10. Qd2 Na5 11. O-O-O Rb8 12. Bh6 Bxh6 13. Qxh6 b5 14. g4 b4
15. Nd5 e6 16. Ne3 Nxb3+ 17. axb3 Kh8 18. Nc4 d5 19. Qf4 Qe7 20. Ne5 Rbc8 21.
h4 Be8 22. h5 dxe4 23. fxe4 Ng8 24. Rdf1 Kg7 25. hxg6 hxg6 26. g5 1-0

[Event "ESP-ch op"]
[Site "Seville"]
[Date "2004.08.18"]
[Round "6"]
[White "Cuenca Jimenez, Jose Fernando"]
[Black "Garcia Vicente, Nieves"]
[Result "1-0"]
[WhiteElo "2378"]
[BlackElo "2265"]
[PlyCount "121"]
[EventDate "2004.08.13"]
[EventType "swiss"]
[EventRounds "9"]
[EventCountry "ESP"]
[SourceTitle "CBM 101 Extra"]
[Source "ChessBase"]
[SourceDate "2004.09.01"]
[SourceVersion "2"]
[SourceVersionDate "2004.09.01"]
[SourceQuality "1"]

1. c4 e6 2. Nf3 d5 3. g3 dxc4 4. Qa4+ Nd7 5. Qxc4 a6 6. d4 Ngf6 7. Bg2 b5 8.
Qb3 Bb7 9. a4 b4 10. O-O Bd5 11. Qd1 c5 12. Nbd2 cxd4 13. Nxd4 Bxg2 14. Kxg2
Nc5 15. N2f3 Qd5 16. Be3 Be7 17. Nc2 Qb7 18. Bxc5 Bxc5 19. Nce1 O-O 20. Nd3 Bd6
21. Kg1 Rfd8 22. Qb3 Qe4 23. Rfe1 Rac8 24. Nd2 Qd5 25. Rac1 Be7 26. Rxc8 Rxc8
27. Qxd5 Nxd5 28. Rc1 Rxc1+ 29. Nxc1 Kf8 30. e4 Nb6 31. b3 Ke8 32. Kf1 Kd7 33.
Nd3 f5 34. f3 fxe4 35. fxe4 Kc6 36. Nf3 Kd7 37. Nd4 Nc8 38. Ke2 Na7 39. Ne5+
Kd6 40. Nc4+ Kd7 41. Kd3 Nc6 42. e5 Bc5 43. Nxc6 Kxc6 44. Ke4 Bg1 45. h3 Bf2
46. g4 Bc5 47. Nb2 Bg1 48. Nd3 Bc5 49. Nf4 Kd7 50. Kd3 Be7 51. Kc4 g6 52. Nd3
a5 53. Nc5+ Kc6 54. Nxe6 Bh4 55. Nd4+ Kd7 56. Kd5 Bf2 57. Nc6 Bb6 58. e6+ Kc7
59. Ne5 Kd8 60. Kc6 Bd4 61. Nc4 1-0

[Event "ESP-ch op"]
[Site "Seville"]
[Date "2004.08.19"]
[Round "7"]
[White "Rodriguez Guerrero, Enrique"]
[Black "Cuenca Jimenez, Jose Fernando"]
[Result "1/2-1/2"]
[WhiteElo "2423"]
[BlackElo "2378"]
[PlyCount "46"]
[EventDate "2004.08.13"]
[EventType "swiss"]
[EventRounds "9"]
[EventCountry "ESP"]
[SourceTitle "CBM 101 Extra"]
[Source "ChessBase"]
[SourceDate "2004.09.01"]
[SourceVersion "2"]
[SourceVersionDate "2004.09.01"]
[SourceQuality "1"]

1. e4 e6 2. Nc3 d5 3. Nf3 Nf6 4. e5 Nfd7 5. d4 c5 6. dxc5 Bxc5 7. Bd3 Nc6 8.
Bf4 f6 9. exf6 Nxf6 10. Qe2 O-O 11. O-O-O a6 12. Ne5 Bd6 13. Bg3 Qc7 14. Ng4
Nxg4 15. Qxg4 Ne5 16. Qh5 Nxd3+ 17. Rxd3 Rf5 18. Qe2 Bd7 19. Bxd6 Qxd6 20. g3
Qb6 21. f4 d4 22. b3 Rc8 23. Rhd1 Be8 1/2-1/2

[Event "ESP-ch op"]
[Site "Seville"]
[Date "2004.08.20"]
[Round "8"]
[White "Cuenca Jimenez, Jose Fernando"]
[Black "Ibanez Aullana, Jose Ramon"]
[Result "1-0"]
[WhiteElo "2378"]
[BlackElo "2288"]
[PlyCount "131"]
[EventDate "2004.08.13"]
[EventType "swiss"]
[EventRounds "9"]
[EventCountry "ESP"]
[SourceTitle "CBM 101 Extra"]
[Source "ChessBase"]
[SourceDate "2004.09.01"]
[SourceVersion "2"]
[SourceVersionDate "2004.09.01"]
[SourceQuality "1"]

1. c4 e5 2. g3 Nf6 3. Bg2 d5 4. cxd5 Nxd5 5. Nc3 Ne7 6. d3 Nbc6 7. Rb1 h6 8. b4
a6 9. a4 g6 10. b5 axb5 11. axb5 Nd4 12. e3 Ne6 13. Nge2 Bg7 14. O-O O-O 15.
Qc2 Nf5 16. Bd2 Nd6 17. Nd5 Bd7 18. b6 c6 19. Ndc3 Ra6 20. Na4 Qa8 21. Bb4 Nb5
22. Nac3 Rc8 23. Nxb5 cxb5 24. Nc3 Bc6 25. Qb2 Rd8 26. Rfd1 Rd7 27. Qb3 Qd8 28.
Ra1 Qxb6 29. Rac1 Qd8 30. Ne4 Bd5 31. Qc2 Rc7 32. Qb1 Rac6 33. Rxc6 Rxc6 34.
Be1 Qb6 35. Nf6+ Bxf6 36. Bxd5 Rd6 37. Bg2 Nd8 38. Bb4 Rd7 39. Qb3 Nc6 40. Be1
b4 41. Be4 Kg7 42. Rb1 Be7 43. g4 Bc5 44. Kg2 Rd8 45. Ra1 Ne7 46. Qb2 Qe6 47.
h3 f5 48. Bf3 Rxd3 49. Rc1 b6 50. Be2 Rb3 51. Qa2 Qd5+ 52. Bf3 e4 53. Be2 Rd3
54. Qb2+ Kf7 55. Qh8 f4 56. exf4 b5 57. Qxh6 Bd4 58. Bxb4 Bg7 59. Qh4 g5 60.
Qh5+ Ke6 61. Qe8 Qd7 62. f5+ Ke5 63. Qxe7+ Qxe7 64. Bxe7 Rd2 65. Kf1 Kf4 66. f6
1-0